Raekwon - Only Built 4 Cuban Linx tracklist - Statistics

General Stats
  • This quiz has been taken 20 times
  • The average score is 14 of 18
Answer Stats
# Answer % Correct
4. Criminology
100%
7. Guillotine (Swordz)
92%
17. Heaven & Hell
92%
15. Ice Cream
92%
10. Ice Water
92%
5. Incarcerated Scarfaces
92%
3. Knowledge God
92%
16. Wu-Gambinos
92%
11. Glaciers of Ice
85%
2. Knuckleheadz
85%
18. North Star (Jewels)
85%
1. Striving for Perfection
85%
12. Verbal Intercourse
85%
6. Rainy Dayz
77%
14. Spot Rusherz
69%
8. Can It Be All So Simple (Remix)
62%
13. Wisdom Body
54%
9. Shark N*ggas (Biters)
15%
No matching quizzes found
Score Distribution
Percent of People with Each Score
Percentile by Number Answered
Your Score History
You have not taken this quiz